000 00333nam a2200145 i 4500
001 bg
100 1 _aDEJMLICH, Fric
245 0 _aGeodeziceskoe instrumentovedenie /
_cFric Dejmlich.
260 _aMoskva,
_c1970.
040 _cBPK
041 _apol
080 _a528.5
942 _cKS
008 s pl f |000 0 pol
999 _c13758
_d13758
856 _uhttp://koha.tu.koszalin.pl/cgi-bin/koha/opac-detail.pl?biblionumber=13758
_yKatalog online BPK